Emerging good practices : (Record no. 339024)
[ view plain ]
| 000 -LEADER | |
|---|---|
| fixed length control field | 00829nam a22002057a 4500 |
| 003 - CONTROL NUMBER IDENTIFIER | |
| control field | SISC |
| 005 - DATE AND TIME OF LATEST TRANSACTION | |
| control field | 20170711101910.0 |
| 008 - FIXED-LENGTH DATA ELEMENTS--GENERAL INFORMATION | |
| fixed length control field | 170711b xxu||||| |||| 00| 0 eng d |
| 020 ## - INTERNATIONAL STANDARD BOOK NUMBER | |
| International Standard Book Number | 9717420874 |
| 050 ## - LIBRARY OF CONGRESS CALL NUMBER | |
| Classification number | HV 800.P3 |
| Item number | P974 2003 |
| 245 ## - TITLE STATEMENT | |
| Title | Emerging good practices : |
| Remainder of title | a documentation of the experiences and learning of Save the Children UK's programme for abused and exploited children / |
| Statement of responsibility, etc | Program on Psychosocial Trauma and Human Rights. |
| 260 ## - PUBLICATION, DISTRIBUTION, ETC. (IMPRINT) | |
| Place of publication, distribution, etc | Quezon City : |
| Name of publisher, distributor, etc | SC (UK) - Philippines and UP CIDS PST, |
| Date of publication, distribution, etc | 2003. |
| 300 ## - PHYSICAL DESCRIPTION | |
| Extent | 170 pages ; |
| Dimensions | 23 cm. |
| 650 ## - SUBJECT ADDED ENTRY--TOPICAL TERM | |
| Topical term or geographic name as entry element | Children -- institutional care -- Philippines. |
| 650 ## - SUBJECT ADDED ENTRY--TOPICAL TERM | |
| Topical term or geographic name as entry element | Child sexual abuse -- Philippines. |
| 650 ## - SUBJECT ADDED ENTRY--TOPICAL TERM | |
| Topical term or geographic name as entry element | Children's rights. |
| 650 ## - SUBJECT ADDED ENTRY--TOPICAL TERM | |
| Topical term or geographic name as entry element | Child welfare -- Philippines. |
| 650 ## - SUBJECT ADDED ENTRY--TOPICAL TERM | |
| Topical term or geographic name as entry element | Children -- Law and legislation -- Philippines. |
| 942 ## - ADDED ENTRY ELEMENTS (KOHA) | |
| Source of classification or shelving scheme | Library of Congress Classification |
| Koha item type | Books |
| Withdrawn status | Lost status | Source of classification or shelving scheme | Damaged status | Home library | Current library | Shelving location | Date acquired | Source of acquisition | Sub Shelving location | Total Checkouts | Full call number | Barcode | Date last seen | Price effective from | Koha item type |
|---|---|---|---|---|---|---|---|---|---|---|---|---|---|---|---|
| Library of Congress Classification | College Library | College Library | Filipiniana Section | 07/11/2017 | Donation | HV 800.P3 P974 2003 | C21015 | 05/08/2018 | 07/11/2017 | Books | |||||
| Library of Congress Classification | College Library | College Library | Filipiniana Section | 07/11/2017 | Donation | HV 800.P3 P974 2003 | C21014 | 05/08/2018 | 07/11/2017 | Books |